000 00657nam a2200241Ia 4500
003 OSt
005 20221005080802.0
006 a|||||r|||| 00| 0
007 ta
008 221004b |||||||| |||| 00| 0 eng d
020 _a8170500990
024 _a107785
037 _cTextual
040 _aCRL
_cCRL
_beng
041 _2eng
_aeng
082 _aY:6.45'N8, M9
100 _aAbidi A. H. H.
_9110040
245 0 _aIran at the crossroads
_b The dissent movement
260 _aNew Delhi
_bPatroit Publishers India
_c1989
300 _axi,324p.
_ccm.
942 _hY:6.45'N8, M9
_cTEXL
_2cc
999 _c986715
_d986715